| Registos Bibliográficos associados ao registo de autoridade |
|
Etiqueta de registo: 00254nam 2200025 450 001 2283271 003 http://id.bnportugal.gov.pt/bib/catbnp/2283271 010 ## $a978-989-20-7414-6 021 ## $aPT$b423854/17 100 ## $a20260330d2017 m y0pory01030103ba 101 0# $apor 102 ## $aPT 105 ## $aa z 000yy 106 ## $ar 200 1# $aVia crucis$fJosé Luís Carvalhido da Ponte$gil. Rui Caridade$gpref. José Fernando Caldas Esteves 210 #9 $aViana do Castelo$cJosé Luís Carvalhido da Ponte,$d2017 215 ## $a96 p.$cil.$d24 cm 700 #1 $aPonte,$bJosé Luís Carvalhido da,$f1949-$31154468 702 #1 $aCaridade,$bRui$4440$31994301 702 #1 $aEsteves,$bJosé Fernando Caldas,$f1974-$4080$31431829 801 #0 $aPT$bBN$gRPC 966 ## $lBN$mFGMON$x1 966 ## $lBN$mFGMON$x1 971 ## $cabrito$d20260330
|
|
|